|
|
|
|
| LEADER |
00000nab a2200000 a 4500 |
| 001 |
vtls000930621 |
| 003 |
SK-MaSNL |
| 005 |
20260303193420.0 |
| 008 |
040720e20030613xo 0 slo |
| 035 |
|
|
|a KE39498
|
| 040 |
|
|
|a KEVKJB
|b slo
|c KEVKJB
|e AACR2
|
| 041 |
0 |
|
|a slo
|
| 044 |
|
|
|a xo
|c SK
|
| 080 |
|
|
|a 796.332
|2 1981
|
| 100 |
1 |
|
|a Mezencev, Vladimír,
|d 1944-
|4 aut
|9 234134
|
| 245 |
1 |
0 |
|a Úspešná reprezentačná premiéra Klimeka
|b Storočnica košického futbalu (1903-2003)
|
| 300 |
|
|
|b 1 foto
|
| 518 |
|
|
|a 1945-1947
|
| 650 |
0 |
7 |
|a futbal
|2 KEVKJB
|9 3291
|
| 650 |
0 |
7 |
|a dejiny
|2 KEVKJB
|9 3825
|
| 651 |
|
7 |
|a Košice (Slovensko)
|2 KEVKJB
|9 18694
|
| 651 |
|
7 |
|a KE,
|2 KEVKJB
|9 877256
|
| 655 |
|
7 |
|a periodikum
|2 snkbucl
|9 29553
|
| 773 |
0 |
8 |
|t Košický večer
|g Roč. 14
|g Roč. 35, č.155, 13.6.2003, s. 11
|
| 852 |
|
|
|a ZVYKNI
|b KIS3GCP
|
| 999 |
|
|
|c 2152302
|d 2154232
|